[Event "ICS rated blitz match"]
[Site "204.178.125.65"]
[Date "2000.04.23"]
[Round "?"]
[White "Hossa"]
[Black "gambler12"]
[Result "1/2-1/2"]
[WhiteElo "2334"]
[BlackElo "2261"]
[PlyCount "65"]
[EventDate "2000.??.??"]

1. e4 Nc6 2. d4 e5 3. d5 Nce7 4. c4 Ng6 5. Nf3 Nf6 6. Bd3 a6 7. O-O Bc5 8. Nc3
Bb4 9. Bg5 Bxc3 10. bxc3 d6 11. Rb1 b6 12. Be2 a5 13. Qa4+ Bd7 14. Qc2 O-O 15.
Nh4 h6 16. Nxg6 fxg6 17. Be3 g5 18. f3 Nh5 19. Rfd1 Nf4 20. Re1 Nxe2+ 21. Qxe2
Qe8 22. Rf1 Qg6 23. Qc2 Rf7 24. Rbd1 Raf8 25. Rb1 g4 26. fxg4 Rxf1+ 27. Rxf1
Rxf1+ 28. Kxf1 Qxg4 29. Kg1 h5 30. Qd3 Qg6 31. Qc2 Qg4 32. Qd3 Qg6 33. Qc2
1/2-1/2

[Event "ICS rated blitz match"]
[Site "204.178.125.65"]
[Date "2000.04.23"]
[Round "?"]
[White "PostModernist"]
[Black "Hossa"]
[Result "1-0"]
[WhiteElo "2654"]
[BlackElo "2331"]
[PlyCount "125"]
[EventDate "2000.??.??"]

1. d4 d5 2. Nf3 Nf6 3. e3 e6 4. Bd3 c5 5. c3 Be7 6. Nbd2 Nc6 7. O-O O-O 8. Qe2
Bd6 9. b3 e5 10. dxe5 Nxe5 11. Nxe5 Bxe5 12. Bb2 Re8 13. Nf3 Bg4 14. h3 Bxf3
15. Qxf3 Qb8 16. a4 Qc7 17. Bc2 Ne4 18. Qe2 Nxc3 19. Bxc3 Bxc3 20. Bxh7+ Kf8
21. Rac1 Qe5 22. Qf3 d4 23. Bd3 Rab8 24. Bc4 Re7 25. Rc2 Rbe8 26. Re2 Qg5 27.
exd4 cxd4 28. Re4 Qc5 29. Rh4 Kg8 30. Qd3 Re5 31. Qg6 Rd5 32. Qh7+ Kf8 33. Bxd5
Qxd5 34. Qh8+ Ke7 35. Qxg7 Rd8 36. f3 Kd6 37. Rh6+ Kd7 38. Rf6 Ke7 39. Rf4 Rd6
40. Rf2 Rg6 41. Re2+ Kd8 42. Qf8+ Kc7 43. Rxf7+ Kb6 44. Rf6+ Rxf6 45. Qxf6+ Kc7
46. Re7+ Kc8 47. Qf8+ Qd8 48. Re8 Qxe8 49. Qxe8+ Kc7 50. Qe5+ Kd7 51. h4 b6 52.
h5 b5 53. Qxb5+ Ke6 54. h6 Ba1 55. Qc6+ Ke7 56. Qc1 Bc3 57. h7 Kd7 58. h8=Q a6
59. Qg5 Ba5 60. Qd5+ Ke7 61. Qg7+ Ke8 62. Qdf7+ Kd8 63. Qh8# {Hossa checkmated}
1-0

[Event "ICS rated blitz match"]
[Site "204.178.125.65"]
[Date "2000.04.23"]
[Round "?"]
[White "Hossa"]
[Black "counterplay"]
[Result "0-1"]
[WhiteElo "2327"]
[BlackElo "2677"]
[PlyCount "150"]
[EventDate "2000.??.??"]

1. e4 c5 2. Nf3 Nc6 3. d4 cxd4 4. Nxd4 Nf6 5. Nc3 e6 6. Ndb5 d6 7. Bf4 e5 8.
Bg5 a6 9. Bxf6 gxf6 10. Na3 b5 11. Nd5 Bg7 12. c4 b4 13. Nc2 a5 14. Bd3 Rb8 15.
b3 O-O 16. O-O Ne7 17. Nce3 Bd7 18. Nxe7+ Qxe7 19. Nd5 Qd8 20. Rc1 Bh6 21. Rc2
Rc8 22. Qh5 Kg7 23. Qf3 Bg5 24. Qg3 Kh8 25. f4 exf4 26. Qf2 Re8 27. Nxf4 Bc6
28. Nd5 Bxd5 29. cxd5 Rxc2 30. Bxc2 Kg7 31. h4 Bh6 32. Bd3 Qe7 33. Bb5 Rc8 34.
Bc6 Qe5 35. Qf3 Rc7 36. Qg4+ Kf8 37. Kh1 Be3 38. Qf3 Bd4 39. h5 Re7 40. h6 Qxe4
41. Qh3 f5 42. Bb5 Qxd5 43. Bd3 Re3 44. Qh4 Bb2 45. Bxf5 Re2 46. Qd8+ Re8 47.
Qd7 Bc3 48. Bg4 Bd2 49. Rd1 Qc5 50. Rf1 Bf4 51. Bf5 Qd4 52. Bxh7 Qf6 53. Qh3
Qxh6 54. Bg6 Qxg6 55. Rxf4 Qg7 56. Rf5 Re1+ 57. Kh2 Re5 58. Rf1 Qg6 59. Qh8+
Ke7 60. Qc8 Re2 61. Qb7+ Kf8 62. Kg1 Rxa2 63. Qa8+ Kg7 64. Qd5 Re2 65. Rf5 f6
66. Qf3 Re5 67. g4 Rxf5 68. Qb7+ Qf7 69. Qa6 Rf4 70. Qxd6 Qa7+ 71. Kh2 Qf2+ 72.
Kh1 Qf1+ 73. Kh2 Rf2+ 74. Kg3 Rf3+ 75. Kh4 Rh3# {Hossa checkmated} 0-1

[Event "ICS rated standard match"]
[Site "204.178.125.65"]
[Date "2000.04.23"]
[Round "?"]
[White "Hossa"]
[Black "QueenMaxima"]
[Result "1-0"]
[WhiteElo "2347"]
[BlackElo "2417"]
[PlyCount "124"]
[EventDate "2000.??.??"]

1. e4 c5 2. Nf3 d6 3. d4 cxd4 4. Nxd4 Nf6 5. Nc3 a6 6. Bg5 e6 7. f4 Be7 8. Qf3
Qc7 9. O-O-O Nbd7 10. g4 b5 11. Bxf6 Nxf6 12. g5 Nd7 13. f5 Nc5 14. f6 gxf6 15.
gxf6 Bf8 16. Rg1 Bb7 17. b4 Nd7 18. Rg3 d5 19. exd5 Bd6 20. Re1 Bf4+ 21. Kb1
O-O-O 22. Rh3 Qd6 23. a3 Bxh2 24. Bxb5 axb5 25. Ncxb5 Qf4 26. Qe2 Bg3 27. Rf1
Qe5 28. Na7+ Kc7 29. Qc4+ Kb6 30. Nac6 Bxc6 31. Qxc6+ Ka7 32. Qa4+ Kb7 33. Nc6
Qxd5 34. Nxd8+ Rxd8 35. Rxg3 Nb6 36. Qb3 Nc4 37. Ka2 Ra8 38. a4 Qd4 39. Qf3+
Kc7 40. Qf4+ Qxf4 41. Rxf4 Rxa4+ 42. Kb1 Rxb4+ 43. Kc1 Ra4 44. c3 Kd6 45. Rd4+
Ke5 46. Kc2 Nb6 47. Rxa4 Nxa4 48. Rg5+ Kd6 49. Rg7 Nc5 50. Rxh7 Ne4 51. Rxf7
Ke5 52. c4 Kf5 53. Rf8 Kg6 54. f7 Kg7 55. Ra8 Kxf7 56. Kd3 Nf6 57. Kd4 Ng4 58.
c5 Ke7 59. Ra7+ Kd8 60. c6 Kc8 61. Re7 Kd8 62. Rxe6 Kc8 {QueenMaxima resigns}
1-0

[Event "ICS rated blitz match"]
[Site "204.178.125.65"]
[Date "2000.04.23"]
[Round "?"]
[White "mkarp"]
[Black "Hossa"]
[Result "0-1"]
[WhiteElo "2235"]
[BlackElo "2344"]
[PlyCount "90"]
[EventDate "2000.??.??"]

1. d4 Nf6 2. c4 e6 3. Nf3 d5 4. Nc3 Be7 5. Bg5 h6 6. Bh4 O-O 7. e3 Ne4 8. Bxe7
Qxe7 9. Nxe4 dxe4 10. Nd2 e5 11. d5 f5 12. Be2 Nd7 13. Qc2 Nf6 14. O-O g6 15.
a3 c6 16. dxc6 bxc6 17. c5 Rd8 18. b4 Bb7 19. Nc4 Ba6 20. Nd6 Bxe2 21. Qxe2 Ne8
22. Qc4+ Kf8 23. Nxe8 Qxe8 24. Rfd1 Rxd1+ 25. Rxd1 Rd8 26. Rxd8 Qxd8 27. h3 Qd7
28. Kh2 h5 29. a4 g5 30. b5 h4 31. b6 axb6 32. cxb6 Ke7 33. Qb4+ Qd6 34. Qxd6+
Kxd6 35. Kg1 c5 36. a5 Kc6 37. Kf1 Kb7 38. Ke2 Ka6 39. Kd2 f4 40. Kc3 g4 41.
Kc4 f3 42. gxf3 gxh3 43. Kxc5 h2 44. Kc6 h1=Q 45. b7 Qb1 {mkarp resigns} 0-1

[Event "ICS rated blitz match"]
[Site "204.178.125.65"]
[Date "2000.04.23"]
[Round "?"]
[White "Hossa"]
[Black "mkarp"]
[Result "1-0"]
[WhiteElo "2355"]
[BlackElo "2224"]
[PlyCount "81"]
[EventDate "2000.??.??"]

1. e4 c5 2. Nf3 d6 3. d4 cxd4 4. Nxd4 Nf6 5. Nc3 e6 6. Be2 Nc6 7. O-O Bd7 8.
Ndb5 Qb8 9. Bf4 Ne5 10. Qd2 a6 11. Nd4 h6 12. Rad1 Be7 13. Nf3 Nxf3+ 14. Bxf3
e5 15. Bg3 Be6 16. a4 Qc7 17. Bh4 g5 18. Bg3 Kf8 19. Be2 Kg7 20. Rfe1 Rac8 21.
Ra1 Rhd8 22. Bd1 Qb6 23. Rb1 Rc4 24. Bf3 Rd4 25. Qe3 Rb4 26. Qxb6 Rxb6 27. a5
Rb4 28. b3 h5 29. h3 h4 30. Bh2 Rc8 31. Re3 Bd8 32. Rd1 Rd4 33. Ra1 Kf8 34. Ra2
Ke7 35. Nb1 Rc5 36. c3 Bxa5 37. Kh1 Bxb3 38. Rxa5 Rxa5 39. cxd4 Bc2 40. dxe5
dxe5 41. Na3 {mkarp resigns} 1-0

[Event "ICS rated blitz match"]
[Site "204.178.125.65"]
[Date "2000.04.23"]
[Round "?"]
[White "mkarp"]
[Black "Hossa"]
[Result "0-1"]
[WhiteElo "2214"]
[BlackElo "2365"]
[PlyCount "44"]
[EventDate "2000.??.??"]

1. d4 d5 2. c4 e6 3. Nf3 dxc4 4. Nc3 Bb4 5. e3 Nc6 6. Bxc4 Nf6 7. O-O O-O 8.
Ne2 Bd6 9. a3 a6 10. Ng3 b6 11. Qe2 Na5 12. Ba2 Bd7 13. Re1 Bxg3 14. hxg3 Bb5
15. Qc2 c5 16. dxc5 Bd3 17. Qc3 Ne4 18. Qd4 Nxc5 19. b4 Nab3 20. Qc3 Qf6 21.
Nd4 Ne4 22. Qxd3 Qxf2+ {mkarp resigns} 0-1

[Event "ICS rated blitz match"]
[Site "204.178.125.65"]
[Date "2000.04.23"]
[Round "?"]
[White "Hossa"]
[Black "mkarp"]
[Result "1-0"]
[WhiteElo "2374"]
[BlackElo "2205"]
[PlyCount "105"]
[EventDate "2000.??.??"]

1. e4 c5 2. Nf3 d6 3. d4 cxd4 4. Nxd4 Nf6 5. Nc3 e6 6. Be2 Nc6 7. O-O Bd7 8.
Ndb5 Qb8 9. Bf4 Ne5 10. Qd2 a6 11. Nd4 Be7 12. Rad1 h6 13. Nf3 Nxf3+ 14. Bxf3
e5 15. Bg3 Be6 16. a4 Qc7 17. Bh4 g5 18. Bg3 Kf8 19. Be2 Kg7 20. Rfe1 Rac8 21.
Ra1 Rhd8 22. Bd1 Qb6 23. Rb1 Rc4 24. Bf3 Rb4 25. Qc1 Rc8 26. Re3 Rd4 27. Ra1
Rb4 28. a5 Qc6 29. h3 Rc4 30. Rd3 Rd4 31. Rxd4 exd4 32. e5 Nd5 33. Ne2 Qxc2 34.
Qxc2 Rxc2 35. Nxd4 Rxb2 36. Rd1 dxe5 37. Nxe6+ fxe6 38. Bxe5+ Bf6 39. Bxb2 Bxb2
40. Bxd5 exd5 41. Rxd5 Bc3 42. Rd7+ Kg6 43. Rxb7 Bxa5 44. Ra7 Bd8 45. Rxa6+ Bf6
46. g3 Kf5 47. h4 g4 48. Kg2 h5 49. f4 gxf3+ 50. Kxf3 Kg6 51. Rxf6+ Kxf6 52.
Kf4 Kg6 53. Ke5 {mkarp resigns} 1-0

[Event "ICS rated blitz match"]
[Site "204.178.125.65"]
[Date "2000.04.24"]
[Round "?"]
[White "PostModernist"]
[Black "Hossa"]
[Result "1-0"]
[WhiteElo "2648"]
[BlackElo "2420"]
[PlyCount "153"]
[EventDate "2000.??.??"]

1. d4 Nf6 2. c4 e6 3. Nf3 d5 4. Bg5 Be7 5. e3 Nbd7 6. Nc3 c6 7. Rc1 O-O 8. Qc2
c5 9. Rd1 cxd4 10. exd4 b6 11. cxd5 Nxd5 12. Bxe7 Qxe7 13. Bd3 g6 14. O-O Bb7
15. Be4 Nb4 16. Qb1 Bxe4 17. Qxe4 Nf6 18. Qh4 Rfc8 19. Rfe1 a6 20. Ne4 Nbd5 21.
Neg5 Qf8 22. Ne5 Ra7 23. Qh3 Rc2 24. Rb1 Re7 25. a3 Nf4 26. Qe3 N6d5 27. Qe4
Rd2 28. g3 Nh5 29. Rec1 Nhf6 30. Qe1 Rxd4 31. Nc6 Rg4 32. Nxe7+ Qxe7 33. Rc8+
Kg7 34. Qd2 Qd7 35. Rbc1 Nf4 36. Qxd7 Nxd7 37. Kf1 Rxg5 38. gxf4 Rh5 39. Kg2
Nc5 40. Rd1 Rd5 41. Rxd5 exd5 42. Rc6 Nd7 43. Rd6 Nc5 44. f5 Nd3 45. Rxb6 a5
46. b3 Nc1 47. f6+ Kh6 48. Rb7 Kg5 49. Rxf7 Ne2 50. h4+ Kf5 51. Rxh7 Kxf6 52.
Ra7 Nd4 53. Rxa5 Ke5 54. b4 Nf5 55. Kf3 Nxh4+ 56. Kg4 Nf5 57. Ra6 Nd4 58. f4+
Ke4 59. Rxg6 Kd3 60. f5 Kc4 61. f6 Nc6 62. Kf5 Nd4+ 63. Ke5 Nc6+ 64. Kd6 Nd8
65. Rg7 d4 66. Rd7 Nf7+ 67. Rxf7 d3 68. Rd7 Kc3 69. f7 d2 70. Kc6 d1=Q 71. Rxd1
Kc2 72. Rd8 Kb3 73. f8=Q Kxa3 74. Qf3+ Ka4 75. Ra8+ Kxb4 76. Qa3+ Kc4 77. Ra4#
{Hossa checkmated} 1-0

[Event "ICS rated blitz match"]
[Site "204.178.125.65"]
[Date "2000.04.24"]
[Round "?"]
[White "Hossa"]
[Black "IZZYLISTED"]
[Result "1/2-1/2"]
[WhiteElo "2413"]
[BlackElo "2020"]
[PlyCount "51"]
[EventDate "2000.??.??"]

1. e4 c5 2. Nf3 Nf6 3. e5 Nd5 4. Nc3 e6 5. Nxd5 exd5 6. d4 Nc6 7. dxc5 Bxc5 8.
Qxd5 d6 9. exd6 Qb6 10. Bc4 Bxf2+ 11. Ke2 O-O 12. Rf1 Be6 13. Qb5 Bxc4+ 14.
Qxc4 Rfe8+ 15. Kd1 Rad8 16. Qf4 Re6 17. c3 Rdxd6+ 18. Nd2 Rf6 19. Qe4 Rde6 20.
Qd5 Rd6 21. Qe4 Rde6 22. Qd5 Rd6 23. Qe4 Rde6 24. Qd5 Rd6 25. Qe4 Rde6 26. Qd5
1/2-1/2

[Event "ICS rated blitz match"]
[Site "204.178.125.65"]
[Date "2000.04.24"]
[Round "?"]
[White "Hossa"]
[Black "madrileno"]
[Result "0-1"]
[WhiteElo "2400"]
[BlackElo "2143"]
[PlyCount "98"]
[EventDate "2000.??.??"]

1. e4 d5 2. exd5 Nf6 3. d4 Bg4 4. Be2 Bxe2 5. Qxe2 Qxd5 6. Nf3 e6 7. Bf4 Nc6 8.
Bxc7 Nxd4 9. Nxd4 Qxd4 10. Nc3 Qc5 11. Bf4 Be7 12. Be3 Qc6 13. O-O O-O 14. Rfd1
a6 15. Bd4 Rfd8 16. Qe3 Rd7 17. Bxf6 Bxf6 18. Rxd7 Qxd7 19. Rd1 Qc7 20. Rd3 Rd8
21. Rxd8+ Qxd8 22. Qd3 Qxd3 23. cxd3 Kf8 24. Nd1 Ke7 25. g4 Kd6 26. Nc3 Kc5 27.
Ne4+ Kd4 28. Nd6 Kxd3 29. Nxf7 Bxb2 30. Nd8 b5 31. Nxe6 a5 32. g5 a4 33. Kg2
Bd4 34. f4 b4 35. Nxd4 Kxd4 36. f5 Ke5 37. g6 hxg6 38. fxg6 b3 39. a3 b2 40.
Kf3 b1=Q 41. Ke2 Qxg6 42. h4 Qg4+ 43. Kd3 Kd5 44. h5 Qf3+ 45. Kc2 Kc4 46. h6
gxh6 47. Kd2 Qf2+ 48. Kd1 Kc3 49. Kc1 Qe1# {Hossa checkmated} 0-1

[Event "ICS rated blitz match"]
[Site "204.178.125.65"]
[Date "2000.04.24"]
[Round "?"]
[White "prg3"]
[Black "Hossa"]
[Result "1/2-1/2"]
[WhiteElo "2094"]
[BlackElo "2374"]
[PlyCount "104"]
[EventDate "2000.??.??"]

1. d4 Nf6 2. c4 e6 3. Nc3 Bb4 4. Qc2 O-O 5. a3 Bxc3+ 6. Qxc3 d5 7. Bg5 h6 8.
Bxf6 Qxf6 9. e3 dxc4 10. Bxc4 Nd7 11. Nf3 c5 12. O-O cxd4 13. Qxd4 e5 14. Qc3
Qe7 15. Rfd1 e4 16. Nd4 Nb6 17. Be2 Rd8 18. Rac1 Nd5 19. Qc5 Qf8 20. Qxf8+ Kxf8
21. Rc2 Bd7 22. Rdc1 Rac8 23. Bb5 Rxc2 24. Rxc2 Bxb5 25. Nxb5 Nb4 26. Rc1 Nd3
27. Rd1 a6 28. Nc3 f5 29. f3 Rc8 30. fxe4 Nxb2 31. Rb1 Rxc3 32. Rxb2 fxe4 33.
Rxb7 Rxa3 34. Kf2 a5 35. Ra7 Ra2+ 36. Kg3 g5 37. h4 gxh4+ 38. Kxh4 Rxg2 39.
Rxa5 Kg7 40. Re5 Rh2+ 41. Kg3 Rc2 42. Rxe4 h5 43. Kh4 Kg6 44. Re6+ Kf5 45. Ra6
Rh2+ 46. Kg3 Re2 47. Ra5+ Kg6 48. Ra6+ Kg5 49. Ra5+ Kg6 50. Ra6+ Kg5 51. Ra5+
Kg6 52. Ra6+ Kg5 1/2-1/2

[Event "ICS rated standard match"]
[Site "204.178.125.65"]
[Date "2000.04.24"]
[Round "?"]
[White "Apocal"]
[Black "Hossa"]
[Result "0-1"]
[WhiteElo "2079"]
[BlackElo "2366"]
[PlyCount "37"]
[EventDate "2000.??.??"]

1. d4 d5 2. c4 e6 3. Nc3 Nf6 4. Bg5 Be7 5. cxd5 exd5 6. e3 O-O 7. Nf3 Nc6 8. a3
Bg4 9. Be2 Nd7 10. Bxe7 Nxe7 11. O-O Re8 12. Qc2 Bxf3 13. Bxf3 Nf6 14. Nb5 c6
15. Nc3 g6 16. Rac1 Nf5 17. e4 Nxd4 18. Qd3 Nxf3+ 19. Qxf3 {Apocal resigns} 0-1

[Event "ICS rated standard match"]
[Site "204.178.125.65"]
[Date "2000.04.24"]
[Round "?"]
[White "Hossa"]
[Black "BOTTOMFEEDER"]
[Result "1-0"]
[WhiteElo "2371"]
[BlackElo "2200"]
[PlyCount "56"]
[EventDate "2000.??.??"]

1. e4 e5 2. Nf3 Nc6 3. Nc3 Bb4 4. a3 Ba5 5. b4 Bb6 6. b5 Nd4 7. Nxe5 d6 8. Nf3
Bg4 9. Be2 Nxe2 10. Qxe2 Nf6 11. Bb2 Bd4 12. O-O O-O 13. Qd3 Be5 14. Nxe5 dxe5
15. Qxd8 Raxd8 16. d3 Nd7 17. Nd5 Nb6 18. Nxb6 cxb6 19. Bxe5 Rc8 20. f3 Be6 21.
c4 Rfd8 22. Rad1 f6 23. Bf4 a6 24. a4 Ra8 25. Rd2 axb5 26. axb5 Ra3 27. Rfd1 g5
28. Bc7 Rd6 1-0

[Event "ICS rated blitz match"]
[Site "204.178.125.65"]
[Date "2000.04.24"]
[Round "?"]
[White "Hossa"]
[Black "Weezer"]
[Result "0-1"]
[WhiteElo "2363"]
[BlackElo "2707"]
[PlyCount "166"]
[EventDate "2000.??.??"]

1. e4 c5 2. Nf3 d6 3. d4 cxd4 4. Nxd4 Nf6 5. Nc3 a6 6. Be2 e5 7. Nb3 Be7 8. O-O
O-O 9. Be3 Be6 10. Qd2 Nbd7 11. a4 Rc8 12. a5 Re8 13. Rfd1 h6 14. Bf3 Qc7 15.
Qe1 Ng4 16. Bxg4 Bxg4 17. Nd5 Qd8 18. f3 Be6 19. Rac1 Rc6 20. Qf2 Bh4 21. g3
Be7 22. Ba7 f5 23. exf5 Bxf5 24. c4 Rf8 25. Qe2 Rf7 26. Rc3 Bf8 27. Re3 Qg5 28.
Bb6 Nxb6 29. Nxb6 g6 30. Nd5 Bg7 31. Nd2 Qd8 32. b4 Qf8 33. Ne4 Kh8 34. Qd3 Rd7
35. b5 axb5 36. cxb5 Rc5 37. Qe2 Bxe4 38. fxe4 Rf7 39. a6 bxa6 40. bxa6 Qc8 41.
Qd3 Rc6 42. Ra1 Ra7 43. Rf3 Rcxa6 44. Rxa6 Rxa6 45. Qb1 Rc6 46. Rf1 Rc2 47. Ne3
Rd2 48. Qb4 Rd3 49. Nd5 Qc5+ 50. Qxc5 dxc5 51. Rc1 Bf8 52. Rf1 Kg7 53. Rb1 h5
54. Kf1 Rd2 55. h3 c4 56. Rb7+ Kh6 57. Rc7 Rd4 58. Nf6 Bd6 59. Rd7 c3 60. h4 g5
61. Nd5 Bb8 62. Rb7 c2 63. Rb6+ Kg7 64. Rb7+ Kg6 65. Rb6+ Kf7 66. Rc6 Rd1+ 67.
Ke2 c1=Q 68. Rxc1 Rxc1 69. hxg5 Rc2+ 70. Kf1 Kg6 71. Ne3 Rd2 72. Nd5 Kxg5 73.
Ne7 Kg4 74. Ke1 Rh2 75. Nf5 Kf3 76. Ne7 Bd6 77. Nf5 Bb4+ 78. Kd1 Kxe4 79. Ng7
Kd3 80. Kc1 Bc3 81. Kb1 Rh1+ 82. Ka2 Kc2 83. Ne6 Ra1# {Hossa checkmated} 0-1

[Event "ICS rated blitz match"]
[Site "204.178.125.65"]
[Date "2000.04.24"]
[Round "?"]
[White "Weezer"]
[Black "Hossa"]
[Result "1-0"]
[WhiteElo "2711"]
[BlackElo "2359"]
[PlyCount "201"]
[EventDate "2000.??.??"]

1. d4 Nf6 2. c4 e6 3. Nc3 Bb4 4. e3 c5 5. Bd3 b6 6. Nge2 d5 7. cxd5 exd5 8. a3
Bxc3+ 9. bxc3 O-O 10. O-O Ba6 11. Bxa6 Nxa6 12. Qd3 Qc8 13. f3 Re8 14. Ng3 Qb7
15. Ra2 Nc7 16. dxc5 bxc5 17. Rb2 Qa6 18. Qxa6 Nxa6 19. Rd1 Rab8 20. c4 Rxb2
21. Bxb2 dxc4 22. Kf2 Nc7 23. Bxf6 gxf6 24. Rd7 Nb5 25. a4 Nc3 26. Nh5 Ra8 27.
a5 f5 28. Ng3 Na2 29. Rc7 f4 30. Ne4 fxe3+ 31. Kxe3 Rd8 32. Rxc5 Rd3+ 33. Kf4
Ra3 34. Ke5 Kg7 35. Nd6 Nb4 36. Nf5+ Kg6 37. Ne7+ Kg7 38. Kd4 c3 39. Rxc3 Rxa5
40. Rc7 Ra1 41. g4 Rd1+ 42. Ke5 Re1+ 43. Kf5 Kf8 44. Nc8 Rf1 45. Rxa7 Rxf3+ 46.
Ke4 Rf6 47. Rd7 Re6+ 48. Kf5 Nc6 49. h4 Ke8 50. Rd5 Nb4 51. Rd2 Nc6 52. g5 Na5
53. Rd6 Re1 54. Rh6 Rf1+ 55. Kg4 Rg1+ 56. Kh5 Nc4 57. Rxh7 Kd7 58. Rxf7+ Kxc8
59. Re7 Kd8 60. Re4 Nd6 61. Re5 Rh1 62. g6 Ne8 63. Kg5 Kd7 64. h5 Ng7 65. Kh6
Ne6 66. Rd5+ Ke7 67. Rf5 Rg1 68. Rf3 Kd6 69. Rf7 Ke5 70. Re7 Kf6 71. Rd7 Nf4
72. Rf7+ Ke5 73. Rf8 Rg3 74. Rb8 Rh3 75. Re8+ Kd6 76. Kg5 Ne6+ 77. Kg4 Rh1 78.
Rg8 Rg1+ 79. Kf3 Ke5 80. h6 Ng5+ 81. Kf2 Nh3+ 82. Ke3 Rg3+ 83. Kd2 Rg2+ 84. Kc3
Nf4 85. g7 Nd5+ 86. Kd3 Rg3+ 87. Kd2 Nf6 88. Rh8 Ne4+ 89. Ke1 Rg1+ 90. Ke2 Nf6
91. Rf8 Rg4 92. g8=Q Rxg8 93. Rxg8 Ke4 94. Rg7 Nd5 95. h7 Nf4+ 96. Kd2 Ke5 97.
h8=Q Ke4 98. Rg5 Ng6 99. Qe8+ Ne7 100. Qxe7+ Kf4 101. Qe3# {Hossa checkmated}
1-0

[Event "ICS rated blitz match"]
[Site "204.178.125.65"]
[Date "2000.04.24"]
[Round "?"]
[White "Hossa"]
[Black "Vanhelgi"]
[Result "1-0"]
[WhiteElo "2355"]
[BlackElo "2268"]
[PlyCount "85"]
[EventDate "2000.??.??"]

1. e4 e6 2. d4 d5 3. Nc3 Nf6 4. Bg5 Bb4 5. e5 h6 6. Bd2 Bxc3 7. bxc3 Ne4 8. Nf3
c5 9. Bd3 Nxd2 10. Qxd2 b6 11. O-O Ba6 12. Rab1 Bxd3 13. cxd3 O-O 14. dxc5 bxc5
15. Rb7 Nc6 16. Rfb1 Qa5 17. R1b5 Qa6 18. Qb2 Na5 19. Rc7 Rfc8 20. Rd7 c4 21.
d4 Nc6 22. Rbb7 Qa4 23. Qd2 Rab8 24. Rxf7 Rxb7 25. Rxb7 Rb8 26. Rxb8+ Nxb8 27.
h4 Qb5 28. Qc2 Nd7 29. Nd2 a5 30. f4 a4 31. f5 exf5 32. Qxf5 Nf8 33. e6 Qe8 34.
Qxd5 Qxe6 35. Qxc4 Qxc4 36. Nxc4 Nd7 37. Ne3 Kf7 38. c4 Kf6 39. Nd5+ Ke6 40.
Nc3 Nb6 41. c5 Nc4 42. d5+ Ke5 43. d6 {Vanhelgi resigns} 1-0

[Event "ICS rated blitz match"]
[Site "204.178.125.65"]
[Date "2000.04.24"]
[Round "?"]
[White "Vanhelgi"]
[Black "Hossa"]
[Result "0-1"]
[WhiteElo "2256"]
[BlackElo "2367"]
[PlyCount "62"]
[EventDate "2000.??.??"]

1. d4 d5 2. c4 e6 3. Nc3 Nf6 4. Bg5 Be7 5. Nf3 O-O 6. e3 Nbd7 7. Rc1 c6 8. Qc2
c5 9. dxc5 Nxc5 10. cxd5 exd5 11. Be2 Nce4 12. Bf4 Bf5 13. Qb3 Nc5 14. Qd1 Rc8
15. O-O Nce4 16. Nd4 Nxc3 17. Rxc3 Rxc3 18. bxc3 Be4 19. c4 Bd6 20. Bxd6 Qxd6
21. Qb3 dxc4 22. Qxc4 Rd8 23. f3 Bg6 24. Rc1 Nd5 25. Qb3 Qe5 26. Kf2 Qxh2 27.
Qxd5 Qh4+ 28. g3 Qh2+ 29. Ke1 Qg1+ 30. Kd2 Qxc1+ 31. Kxc1 Rxd5 {
Vanhelgi resigns} 0-1

[Event "ICS rated blitz match"]
[Site "204.178.125.65"]
[Date "2000.04.24"]
[Round "?"]
[White "Hossa"]
[Black "Vanhelgi"]
[Result "1-0"]
[WhiteElo "2378"]
[BlackElo "2276"]
[PlyCount "113"]
[EventDate "2000.??.??"]

1. e4 e6 2. d4 d5 3. Nc3 Bb4 4. e5 Ne7 5. a3 Bxc3+ 6. bxc3 c5 7. a4 b6 8. Nf3
Ba6 9. Bb5+ Bxb5 10. axb5 c4 11. Bg5 Qd7 12. Bxe7 Kxe7 13. Qb1 Rc8 14. Qb4+ Ke8
15. O-O h6 16. Ra2 a5 17. bxa6 Rxa6 18. Rxa6 Nxa6 19. Qxb6 Qc6 20. Qa5 Rb8 21.
Qa3 Nc7 22. g3 Nb5 23. Qb2 Rb7 24. Rb1 Nd6 25. Qa1 Rxb1+ 26. Qxb1 Qb7 27. Qxb7
Nxb7 28. Nh4 Nd8 29. f4 Nc6 30. Kf2 Na7 31. Ke2 Nb5 32. Kd2 f5 33. h3 Kf7 34.
Nf3 Ke7 35. Ne1 Kd7 36. Ng2 Ke7 37. Ne3 Kf7 38. Ng2 g5 39. Ne1 Kg6 40. Ng2 Kh5
41. fxg5 hxg5 42. Ne3 f4 43. gxf4 gxf4 44. Ng2 f3 45. Nf4+ Kh4 46. Ke3 Kg3 47.
Nh5+ Kg2 48. Nf4+ Kg3 49. Nh5+ Kxh3 50. Kxf3 Nxc3 51. Nf4+ Kh2 52. Nxe6 Ne4 53.
Nc7 Kh3 54. Kf4 Kh4 55. e6 Nf6 56. e7 Kh3 57. Ke5 {Vanhelgi resigns} 1-0

[Event "ICS rated blitz match"]
[Site "204.178.125.65"]
[Date "2000.04.24"]
[Round "?"]
[White "Vanhelgi"]
[Black "Hossa"]
[Result "1/2-1/2"]
[WhiteElo "2265"]
[BlackElo "2389"]
[PlyCount "119"]
[EventDate "2000.??.??"]

1. d4 Nf6 2. c4 e6 3. Nc3 Bb4 4. Bg5 c5 5. d5 Nxd5 6. Bxd8 Nxc3 7. Qb3 Ne4+ 8.
Kd1 Nxf2+ 9. Kc2 Kxd8 10. Nh3 Nxh1 11. Qf3 Nc6 12. e3 Ne5 13. Qf4 Ng6 14. Qd6
b5 15. Be2 Bb7 16. Bf3 Bxf3 17. gxf3 bxc4 18. Rxh1 Ne7 19. Ng5 Nf5 20. Qf4 Ke8
21. Ne4 d5 22. Nd6+ Nxd6 23. Qxd6 Rd8 24. Qc6+ Rd7 25. Qa6 d4 26. a3 d3+ 27.
Kd1 c3 28. axb4 c2+ 29. Kd2 cxb4 30. Qc8+ Rd8 31. Qc6+ Ke7 32. Qc5+ Kf6 33. Rg1
Rd5 34. Qxb4 Rc8 35. Qh4+ g5 36. Qh6+ Ke7 37. Qxh7 Rdc5 38. Rc1 Rd8 39. Qe4 Kf6
40. f4 g4 41. Qb4 Rh5 42. Rh1 a5 43. Qc3+ Kg6 44. Qc7 Rhd5 45. Rg1 f5 46. Qc3
Kf7 47. h3 Rg8 48. hxg4 Rxg4 49. Rxg4 fxg4 50. Qc7+ Ke8 51. Qc8+ Ke7 52. Qg8
Rc5 53. Qg7+ Ke8 54. Qg8+ Ke7 55. Qg7+ Ke8 56. Qg8+ Ke7 57. Qg7+ Ke8 58. Qg8+
Ke7 59. Qg7+ Ke8 60. Qg8+ 1/2-1/2

[Event "ICS rated standard match"]
[Site "204.178.125.65"]
[Date "2000.04.24"]
[Round "?"]
[White "Hossa"]
[Black "WhiteCastles"]
[Result "0-1"]
[WhiteElo "2371"]
[BlackElo "2613"]
[PlyCount "96"]
[EventDate "2000.??.??"]

1. e4 e5 2. Nf3 Nc6 3. Nc3 Nf6 4. Nxe5 Nxe5 5. d4 Ng6 6. e5 Ng8 7. Bc4 d6 8.
Qf3 Qd7 9. h4 dxe5 10. h5 Nf4 11. dxe5 Ne6 12. Be3 Bb4 13. Rd1 Qc6 14. Qxc6+
bxc6 15. Rd3 Nc5 16. Bxc5 Bxc5 17. a3 Bf5 18. Rd2 Nh6 19. f3 Be3 20. Re2 Bd4
21. Nd1 O-O-O 22. g4 Be6 23. Ba6+ Kb8 24. c3 Bb6 25. Nf2 Bb3 26. Nd3 Rd5 27.
Kd2 Rhd8 28. e6 fxe6 29. Re4 c5 30. Rh3 c4 31. Bxc4 Bxc4 32. Rxc4 Rxd3+ 33. Kc2
Nf7 34. h6 g6 35. Rh1 Rxf3 36. Re4 Rf2+ 37. Kb1 Rdd2 38. Rb4 Ne5 39. Ka1 Nd3
40. Rb3 Nxb2 41. Re1 Nd1 42. c4 Nc3 43. Rxc3 Bd4 44. Rb1+ Kc8 45. Re1 Bxc3+ 46.
Kb1 Ra2 47. Re2 Rfxe2 48. g5 Ra1# {Hossa checkmated} 0-1

[Event "ICS rated standard match"]
[Site "204.178.125.65"]
[Date "2000.04.24"]
[Round "?"]
[White "WhiteCastles"]
[Black "Hossa"]
[Result "1-0"]
[WhiteElo "2619"]
[BlackElo "2365"]
[PlyCount "113"]
[EventDate "2000.??.??"]

1. e4 e5 2. Nc3 Nf6 3. f4 d5 4. fxe5 Nxe4 5. Nf3 Be7 6. d4 O-O 7. Bd3 f5 8.
exf6 Bxf6 9. O-O Nc6 10. Ne2 Bg4 11. c3 Bh4 12. Nf4 Rb8 13. Qb3 Nf2 14. Be2 Ne4
15. Qxd5+ Qxd5 16. Nxd5 Bd8 17. Bf4 Nd6 18. Bg3 Be6 19. Nf4 Bg4 20. h3 Bf5 21.
d5 Ne7 22. Ne6 Bxe6 23. dxe6 Ne4 24. Bh2 Rc8 25. Ne5 Rxf1+ 26. Rxf1 c6 27. Nd7
Bb6+ 28. Nxb6 axb6 29. Rf7 Nd5 30. Be5 Ndf6 31. Rxb7 Nc5 32. Re7 b5 33. Bd4
Nce4 34. Bd3 c5 35. Be5 Ng5 36. h4 Nxe6 37. Bxf6 gxf6 38. Bxh7+ Kf8 39. Rxe6
Kf7 40. Rb6 Ra8 41. a3 Kg7 42. Rb7+ Kh8 43. Bf5 Ra5 44. h5 c4 45. h6 Ra8 46.
Rxb5 Kg8 47. Rb7 Re8 48. a4 Kh8 49. a5 Re1+ 50. Kf2 Re8 51. a6 Rd8 52. a7 Rd2+
53. Kf3 Rd8 54. Rb8 Kg8 55. Rxd8+ Kf7 56. a8=Q Ke7 57. Rd7# {Hossa checkmated}
1-0

[Event "ICS rated standard match"]
[Site "204.178.125.65"]
[Date "2000.04.24"]
[Round "?"]
[White "Hossa"]
[Black "WhiteCastles"]
[Result "0-1"]
[WhiteElo "2359"]
[BlackElo "2625"]
[PlyCount "90"]
[EventDate "2000.??.??"]

1. e4 d5 2. exd5 Qxd5 3. Nc3 Qa5 4. d4 c6 5. Nf3 Nf6 6. Bc4 Bf5 7. Bd2 e6 8.
Nh4 Bg6 9. Nxg6 hxg6 10. Nd5 Qd8 11. Nxf6+ gxf6 12. c3 Nd7 13. Be3 Nb6 14. Bd3
Nd5 15. Bd2 Qc7 16. h4 e5 17. Qg4 f5 18. Qe2 e4 19. O-O-O Be7 20. Bc2 Rxh4 21.
Rxh4 Bxh4 22. Rh1 Bf6 23. f3 Nf4 24. Bxf4 Qxf4+ 25. Kb1 e3 26. Rh7 Rd8 27. g3
Qg5 28. Ba4 f4 29. gxf4 Qxf4 30. Bb3 Rd7 31. Kc1 Re7 32. Bc4 Qg3 33. Kc2 Kf8
34. Qd1 e2 35. Bxe2 Qf2 36. Kd3 Re3+ 37. Kc4 Rxe2 38. Rh1 Qxf3 39. Qb1 Qd5+ 40.
Kd3 Qe4+ 41. Kc4 Qe6+ 42. Kb4 Be7+ 43. Ka4 Qc4+ 44. b4 Rxa2+ 45. Qxa2 Qxa2# {
Hossa checkmated} 0-1